| 000 | 00570nam a22001937a 4500 | ||
|---|---|---|---|
| 003 | DO-SdBNP | ||
| 005 | 20180130144557.0 | ||
| 008 | 151207b 2003 nyu| 00| 0 spa d | ||
| 020 | _a9780684801223 | ||
| 040 |
_aBPMSU _bspa _cBPMSU |
||
| 092 |
_axxxxx _bxxxxx |
||
| 100 | 1 |
_aHemingway, Ernest, _d1898-1961 |
|
| 245 |
_aThe old man and the sea / _cErnest Hemingway. |
||
| 260 |
_aNew York, N.Y. : _bScribner, _c2003. |
||
| 300 |
_a127 p. ; _c20 cm. |
||
| 942 |
_2ddc _cBK |
||
| 945 | _aInventariado extranjero / 2018 VM | ||
| 956 |
_aLorenza Pérez _b10 _220160523 _3BPMSU _600041 |
||
| 999 |
_c9026 _d9026 |
||